| 000 | 00747nam a2200265Ia 4500 | ||
|---|---|---|---|
| 003 | OSt | ||
| 005 | 20220925164555.0 | ||
| 006 | a|||||r|||| 00| 0 | ||
| 007 | ta | ||
| 008 | 220923b |||||||| |||| 00| 0 eng d | ||
| 020 | _a0817300961 | ||
| 037 | _cGeneral Book | ||
| 040 |
_aRTL _cRTL _beng |
||
| 041 |
_2eng _aeng |
||
| 082 | _aR2, M3 | ||
| 100 |
_aWillard Charles Arthur _921778 |
||
| 245 | 0 | _aArgumentation and the social grounds of knowledge | |
| 260 |
_aAlbama _bUniversity of Albama Press _c1983 |
||
| 300 |
_axi, 321p _ccm. |
||
| 500 | _aBibliography: P 287-311 | ||
| 650 | _a Philosophy | ||
| 650 |
_aEpistemology _9230664 |
||
| 942 |
_hR2, M3 _cGB _2CC |
||
| 999 |
_c475463 _d475463 |
||